Library of congress subject headings (Record no. 7759)
[ view plain ]
| 000 -LEADER | |
|---|---|
| fixed length control field | 00819nam a22001817a 4500 |
| 008 - FIXED-LENGTH DATA ELEMENTS--GENERAL INFORMATION | |
| fixed length control field | 230313b |||||||| |||| 00| 0 eng d |
| 022 ## - INTERNATIONAL STANDARD SERIAL NUMBER | |
| International Standard Serial Number | 1048-9711 |
| 040 ## - CATALOGING SOURCE | |
| Original cataloging agency | National Science Library |
| Transcribing agency | National Science Library |
| 080 ## - UNIVERSAL DECIMAL CLASSIFICATION NUMBER | |
| Universal Decimal Classification number | D 025.43LCSH |
| Item number | P3.1 |
| 245 ## - TITLE STATEMENT | |
| Title | Library of congress subject headings |
| Statement of responsibility, etc. | / Prepared by the office for subject cataloging policy collections services |
| 250 ## - EDITION STATEMENT | |
| Edition statement | 26th ed. |
| 260 ## - PUBLICATION, DISTRIBUTION, ETC. | |
| Place of publication, distribution, etc. | Washington, D. C.: |
| Name of publisher, distributor, etc. | Library of Congress, |
| Date of publication, distribution, etc. | 2003 |
| 300 ## - PHYSICAL DESCRIPTION | |
| Extent | xvii, 1673p. |
| 500 ## - GENERAL NOTE | |
| General note | Vol. 1 (A-C); ISSN: 1048-9711; xvii, 1673p.<br/>Vol. 2 (D-H); ISSN: 1048-9711; iii, 1675-3087p.<br/>Vol. 3 (I-M); ISSN: 1048-9711; iii, 3089-4429p.<br/>Vol. 4 (N-R); ISSN: 1048-9711; iii, 4431-5746p.<br/>Vol. 5 (S-Z); ISSN: 1048-9711; iii, 5747-7339p. |
| 650 ## - SUBJECT ADDED ENTRY--TOPICAL TERM | |
| Topical term or geographic name entry element | Library science |
| 653 ## - INDEX TERM--UNCONTROLLED | |
| Uncontrolled term | LCSH |
| 942 ## - ADDED ENTRY ELEMENTS (KOHA) | |
| Source of classification or shelving scheme | Universal Decimal Classification |
| Koha item type | Reference |
| Withdrawn status | Lost status | Source of classification or shelving scheme | Damaged status | Not for loan | Home library | Current library | Shelving location | Date acquired | Serial Enumeration / chronology | Total Checkouts | Full call number | Barcode | Date last seen | Price effective from | Koha item type |
|---|---|---|---|---|---|---|---|---|---|---|---|---|---|---|---|
| Universal Decimal Classification | National Science Library | National Science Library | GF/Rk-2/C-15/R-1 | 06/05/2004 | Vol. 1 (A-C); ISSN: 1048-9711; xvii, 1673p. | D 025.43LCSH P3.1 | 181566 | 13/03/2023 | 13/03/2023 | Reference | |||||
| Universal Decimal Classification | National Science Library | National Science Library | GF/Rk-2/C-15/R-1 | 06/05/2004 | Vol. 2 (D-H); ISSN: 1048-9711; iii, 1675-3087p. | D 025.43LCSH P3.2 | 181567 | 13/03/2023 | 13/03/2023 | Reference | |||||
| Universal Decimal Classification | National Science Library | National Science Library | GF/Rk-2/C-15/R-1 | 06/05/2004 | Vol. 3 (I-M); ISSN: 1048-9711; iii, 3089-4429p. | D 025.43LCSH P3.3 | 181568 | 13/03/2023 | 13/03/2023 | Reference | |||||
| Universal Decimal Classification | National Science Library | National Science Library | GF/Rk-2/C-15/R-1 | 06/05/2004 | Vol. 4 (N-R); ISSN: 1048-9711; iii, 4431-5746p. | D 025.43LCSH P3.4 | 181569 | 13/03/2023 | 13/03/2023 | Reference | |||||
| Universal Decimal Classification | National Science Library | National Science Library | GF/Rk-2/C-15/R-1 | 06/05/2004 | Vol. 5 (S-Z); ISSN: 1048-9711; iii, 5747-7339p. | D 025.43LCSH P3.5 | 181570 | 13/03/2023 | 13/03/2023 | Reference |